=LDR 00000nam 2200000 4500 =001 INLIS000000000015179 =005 20130612110447 =008 ***********************************Ind** =035 ##$$0010-061300000015179 =041 ##$$a Ind =082 ##$$a 352 =090 ##$$a 352, SUY-h =100 ##$$a Suyito Irawan =245 ##$$a Hubungan pemerintah pusat dan pemerintah daerah, Irawan Soejito =260 ##$$a 1990 $b Jakarta =300 ##$$a 222 hlm, 21 cm =650 ##$$a Administrasi pemerintah =850 ##$$a NBPNMAT =990 ##$$a 0001/BPAP-NTB/2016